[Event "TCh-FRA Top 12 2012"]
[Site "Belfort FRA"]
[Date "2012.06.07"]
[Round "8.8"]
[White "Benmesbah, Natacha"]
[Black "Le Diouron, Aurelie"]
[Result "1-0"]
[WhiteTitle "WIM"]
[WhiteElo "2208"]
[BlackElo "1954"]
[WhiteTeam "Echiquier Chalonnais"]
[BlackTeam "Echiquier Guingampais"]
[WhiteFideId "642002"]
[BlackFideId "637432"]
[EventDate "2012.05.31"]

1. e4 c5 2. b3 d5 3. exd5 Nf6 4. Bb5+ Bd7 5. Bxd7+ Qxd7 6. c4 e6 7. Qe2 Be7 8.
dxe6 Qxe6 9. Qxe6 fxe6 10. Nf3 Nc6 11. O-O O-O 12. Re1 e5 13. Nc3 Bd6 14. Ba3
Nd4 15. Nxd4 exd4 16. Nb5 Bf4 17. Bxc5 Bxd2 18. Red1 1-0

[Event "TCh-FRA Top 12 2012"]
[Site "Belfort FRA"]
[Date "2012.06.07"]
[Round "8.1"]
[White "So, Wesley"]
[Black "Landa, Konstantin"]
[Result "1/2-1/2"]
[WhiteTitle "GM"]
[BlackTitle "GM"]
[WhiteElo "2653"]
[BlackElo "2646"]
[WhiteTeam "CLICHY Echecs 92"]
[BlackTeam "VANDOEUVRE Echecs"]
[WhiteFideId "5202213"]
[BlackFideId "4101685"]
[EventDate "2012.05.31"]

1. d4 d5 2. c4 e6 3. Nc3 Be7 4. Nf3 Nf6 5. Bg5 h6 6. Bh4 O-O 7. e3 b6 8. Bd3 Bb7
9. O-O Nbd7 10. Qe2 Ne4 11. Bxe7 Qxe7 12. cxd5 exd5 13. Rac1 c5 14. dxc5 bxc5
15. Bxe4 dxe4 16. Nd2 f5 17. Nc4 Ba6 18. Nd5 Qf7 19. Nc7 Bxc4 20. Qxc4 Qxc4 21.
Rxc4 Rac8 22. Ne6 Rfe8 23. Rd1 Ne5 24. Rxc5 Nd3 25. Rxc8 Rxc8 26. Nd4 Nxb2 27.
Nxf5 Rc2 28. Rd8+ Kf7 29. g4 Nd3 30. Rd7+ Kf6 31. f4 Nf2 32. Rd6+ Kf7 33. Rd7+
Kf6 34. h3 Nxg4 35. hxg4 Rxa2 36. Rd6+ Kf7 37. Rd7+ Kf6 38. Rd6+ Kf7 39. Rd7+ 1/2-1/2

[Event "TCh-FRA Top 12 2012"]
[Site "Belfort FRA"]
[Date "2012.06.07"]
[Round "8.3"]
[White "Van Wely, Loek"]
[Black "Meier, Georg"]
[Result "1/2-1/2"]
[WhiteTitle "GM"]
[BlackTitle "GM"]
[WhiteElo "2682"]
[BlackElo "2637"]
[WhiteTeam "CLICHY Echecs 92"]
[BlackTeam "VANDOEUVRE Echecs"]
[WhiteFideId "1000268"]
[BlackFideId "4675789"]
[EventDate "2012.05.31"]

1. d4 e6 2. c4 Nf6 3. Nf3 d5 4. g3 Bb4+ 5. Bd2 Be7 6. Bg2 O-O 7. O-O c6 8. Qc2
b6 9. Rd1 Nbd7 10. Bf4 Bb7 11. Nc3 dxc4 12. Nd2 Nd5 13. Nxc4 Nxf4 14. gxf4 Qc7
15. e3 Rad8 16. a4 Bb4 17. Ne4 c5 18. Ne5 Nxe5 19. dxe5 Bxe4 20. Bxe4 1/2-1/2

[Event "TCh-FRA Top 12 2012"]
[Site "Belfort FRA"]
[Date "2012.06.07"]
[Round "8.6"]
[White "Paci, Cedric"]
[Black "Tregubov, Pavel V."]
[Result "0-1"]
[WhiteTitle "FM"]
[BlackTitle "GM"]
[WhiteElo "2379"]
[BlackElo "2596"]
[WhiteTeam "VANDOEUVRE Echecs"]
[BlackTeam "CLICHY Echecs 92"]
[WhiteFideId "614203"]
[BlackFideId "4115341"]
[EventDate "2012.05.31"]

1. Nf3 Nf6 2. c4 e6 3. g3 d5 4. b3 a5 5. Bg2 a4 6. O-O Be7 7. cxd5 exd5 8. bxa4
Nbd7 9. d4 Nb6 10. Nc3 Bd7 11. Ne5 Bxa4 12. Nxa4 Rxa4 13. Rb1 Qa8 14. Qc2 Bd6
15. Qf5 O-O 16. Bh6 Qc8 17. Qg5 Ne8 18. Ng4 Kh8 19. Rxb6 cxb6 20. Bxd5 Rxd4 21.
e4 f5 22. Bxg7+ Nxg7 23. Nf6 Qd8 0-1

[Event "TCh-FRA Top 12 2012"]
[Site "Belfort FRA"]
[Date "2012.06.07"]
[Round "8.8"]
[White "Congiu, Mathilde"]
[Black "Skripchenko, Almira"]
[Result "0-1"]
[WhiteTitle "WIM"]
[BlackTitle "IM"]
[WhiteElo "2206"]
[BlackElo "2440"]
[WhiteTeam "VANDOEUVRE Echecs"]
[BlackTeam "CLICHY Echecs 92"]
[WhiteFideId "634581"]
[BlackFideId "13900145"]
[EventDate "2012.05.31"]

1. d4 Nf6 2. Nf3 d5 3. Bf4 g6 4. c3 Bg7 5. Nbd2 O-O 6. e3 Bf5 7. Be2 Nbd7 8. Ne5
c5 9. g4 Be6 10. h4 Qb6 11. Rb1 Rfd8 12. h5 Nxe5 13. Bxe5 Ne4 14. Bxg7 Kxg7 15.
Bd3 cxd4 16. exd4 Nf6 17. g5 Ne4 18. Rg1 Bf5 19. Nf3 Qe6 20. h6+ Kg8 21. Be2 Qd6
22. Ra1 b5 23. a3 Rab8 24. Ne5 f6 25. Nf3 a5 26. Nh4 Qh2 27. Rc1 0-1

[Event "TCh-FRA Top 12 2012"]
[Site "Belfort FRA"]
[Date "2012.06.08"]
[Round "9.3"]
[White "Bogner, Sebastian"]
[Black "Brochet, Philippe"]
[Result "1/2-1/2"]
[WhiteTitle "GM"]
[BlackTitle "IM"]
[WhiteElo "2569"]
[BlackElo "2383"]
[WhiteTeam "MULHOUSE Philidor"]
[BlackTeam "Echiquier Guingampais"]
[WhiteFideId "4692055"]
[BlackFideId "602469"]
[EventDate "2012.05.31"]

1. Nf3 d5 2. e3 Nf6 3. c4 e6 4. b3 c5 5. Bb2 Nc6 6. cxd5 Nxd5 7. a3 a6 8. Qc2
Qc7 9. Be2 b6 10. O-O Bb7 11. Rc1 Rc8 12. Nc3 Nf6 13. Qb1 Qd8 14. Na4 Bd6 15. b4
c4 16. Bxc4 b5 17. Nc5 Bxc5 18. bxc5 Na5 19. Be2 Qd5 20. Bd1 Ne4 21. Bc3 Nxc3
22. Rxc3 Rxc5 23. Qb4 Nc4 24. d3 a5 25. Qb3 Nb6 26. Qxd5 Rxd5 27. Rb1 O-O 28. e4
Rd6 29. Be2 Ba6 30. d4 b4 31. Rc2 Bxe2 32. Rxe2 bxa3 33. Rc2 Na4 34. Ra1 Rb6 35.
Ne1 Rb3 36. Rca2 Nc3 37. Rxa3 a4 38. Kf1 Rxa3 39. Rxa3 Nxe4 40. d5 1/2-1/2

[Event "TCh-FRA Top 12 2012"]
[Site "Belfort FRA"]
[Date "2012.06.08"]
[Round "9.4"]
[White "Dumitrache, Dragos-Nicolae"]
[Black "Sokolov, Andrei1"]
[Result "0-1"]
[WhiteTitle "IM"]
[BlackTitle "GM"]
[WhiteElo "2446"]
[BlackElo "2570"]
[WhiteTeam "Echiquier Guingampais"]
[BlackTeam "MULHOUSE Philidor"]
[WhiteFideId "1200437"]
[BlackFideId "627089"]
[EventDate "2012.05.31"]

1. d4 Nf6 2. c4 e6 3. Nc3 Bb4 4. Qc2 c5 5. dxc5 O-O 6. Nf3 Na6 7. a3 Bxc3+ 8.
Qxc3 Nxc5 9. e3 b6 10. Be2 Bb7 11. O-O Rc8 12. b4 Nce4 13. Qb3 Qc7 14. Bb2 Ng4
15. g3 Ba8 16. Nh4 Ne5 17. Rfc1 f6 18. f3 g5 19. Bxe5 fxe5 20. fxe4 gxh4 21. Bd3
hxg3 22. Ra2 Kh8 23. Qd1 gxh2+ 24. Rxh2 Rf7 25. Qh5 Rg7+ 26. Kh1 Qd6 27. Rg1
Qxd3 28. Rxg7 Qf1+ 29. Rg1 Bxe4+ 30. Rg2 Bxg2+ 31. Kh2 Qf5 32. Qxf5 exf5 33.
Rxg2 Rxc4 34. Rg5 0-1

[Event "TCh-FRA Top 12 2012"]
[Site "Belfort FRA"]
[Date "2012.06.08"]
[Round "9.6"]
[White "Migot, Tangi"]
[Black "Demuth, Adrien"]
[Result "0-1"]
[BlackTitle "IM"]
[WhiteElo "2257"]
[BlackElo "2423"]
[WhiteTeam "Echiquier Guingampais"]
[BlackTeam "MULHOUSE Philidor"]
[WhiteFideId "662445"]
[BlackFideId "642274"]
[EventDate "2012.05.31"]

1. c4 Nf6 2. g3 e5 3. Bg2 c6 4. d4 e4 5. Nc3 d5 6. Bg5 Bb4 7. Rc1 Nbd7 8. cxd5
cxd5 9. Nh3 h6 10. Bxf6 Bxc3+ 11. Rxc3 Nxf6 12. O-O O-O 13. Qb3 Bf5 14. Rfc1 Qd7
15. Nf4 g5 16. Rc7 Rac8 17. Qxb7 gxf4 18. b4 Rxc7 19. Rxc7 Qa4 20. Qc6 Qd1+ 21.
Bf1 Qxd4 0-1

[Event "TCh-FRA Top 12 2012"]
[Site "Belfort FRA"]
[Date "2012.06.08"]
[Round "9.7"]
[White "Riff, Jean-Noel"]
[Black "Bodenez, Vincent"]
[Result "1-0"]
[WhiteTitle "IM"]
[WhiteElo "2494"]
[BlackElo "2213"]
[WhiteTeam "MULHOUSE Philidor"]
[BlackTeam "Echiquier Guingampais"]
[WhiteFideId "611190"]
[BlackFideId "624462"]
[EventDate "2012.05.31"]

1. e4 e6 2. d4 d5 3. Nc3 Bb4 4. Ne2 Nc6 5. a3 Ba5 6. Be3 Nge7 7. b4 Bb6 8. b5
Nb8 9. g3 a6 10. bxa6 Nxa6 11. Bg2 dxe4 12. Nxe4 Nf5 13. O-O e5 14. c3 O-O 15.
Qc2 Qe7 16. Bg5 f6 17. Bd2 Kh8 18. dxe5 fxe5 19. Kh1 Bd7 20. Rae1 Bc6 21. f4 Ne3
22. Bxe3 Bxe3 23. Ng5 Bxg2+ 24. Kxg2 g6 25. Qe4 Bb6 26. Qxe5+ Qxe5 27. fxe5 Nc5
28. Nf4 Rfe8 29. Nd5 Ne6 30. Nxe6 Rxe6 31. Rf7 Kg8 32. Rd7 Rxa3 33. Nf6+ Kf8 34.
Red1 Ra2+ 35. Kh3 Re7 36. Nxh7+ Ke8 37. Nf6+ Kf7 38. Rxe7+ Kxe7 39. Nd5+ Ke6 40.
Nxb6 cxb6 41. Rd6+ Kxe5 42. Rxg6 Rc2 43. Rxb6 1-0

[Event "TCh-FRA Top 12 2012"]
[Site "Belfort FRA"]
[Date "2012.06.08"]
[Round "9.8"]
[White "Le Diouron, Aurelie"]
[Black "Choisy, Mathilde"]
[Result "1-0"]
[BlackTitle "WFM"]
[WhiteElo "1954"]
[BlackElo "2205"]
[WhiteTeam "Echiquier Guingampais"]
[BlackTeam "MULHOUSE Philidor"]
[WhiteFideId "637432"]
[BlackFideId "634565"]
[EventDate "2012.05.31"]

1. d4 Nf6 2. c4 g6 3. Nf3 Bg7 4. g3 O-O 5. Bg2 d6 6. O-O Nc6 7. Nc3 a6 8. h3 Rb8
9. d5 Na5 10. Qd3 c5 11. e4 Nd7 12. Nd2 b5 13. f4 bxc4 14. Nxc4 Nxc4 15. Qxc4
Rb4 16. Qe2 a5 17. Nd1 Qb6 18. Re1 Ba6 19. Qc2 Rb8 20. Kh2 Qc7 21. Rb1 Rc4 22.
Qf2 Ra4 23. b3 Bd3 24. Rb2 Bxb2 25. Qxb2 Rab4 26. e5 a4 27. Qc3 c4 28. Bb2 dxe5
29. fxe5 e6 30. Nf2 Qb6 31. dxe6 Qxe6 32. Bd5 Qf5 33. Ng4 Qg5 34. e6 f6 1-0

[Event "TCh-FRA Top 12 2012"]
[Site "Belfort FRA"]
[Date "2012.06.08"]
[Round "9.1"]
[White "Gharamian, Tigran"]
[Black "Gyimesi, Zoltan"]
[Result "0-1"]
[WhiteTitle "GM"]
[BlackTitle "GM"]
[WhiteElo "2672"]
[BlackElo "2651"]
[WhiteTeam "L'Echiquier Deauvillais"]
[BlackTeam "BISCHWILLER"]
[WhiteFideId "13301527"]
[BlackFideId "702218"]
[EventDate "2012.05.31"]

1. d4 Nf6 2. Nf3 d5 3. c4 e6 4. Nc3 c5 5. cxd5 Nxd5 6. e4 Nxc3 7. bxc3 cxd4 8.
cxd4 Bb4+ 9. Bd2 Bxd2+ 10. Qxd2 O-O 11. Rc1 b6 12. Bd3 Bb7 13. O-O Nd7 14. Qf4
h6 15. e5 Rc8 16. Nd2 Qg5 17. Qxg5 hxg5 18. Ne4 Bxe4 19. Bxe4 Rfd8 20. g3 b5 21.
Rxc8 Rxc8 22. Rb1 Rc4 23. Rxb5 Rxd4 24. Bc6 Nb6 25. Kg2 Rc4 26. Bf3 Ra4 27. Rb2
Ra5 28. Rd2 g6 29. Bd1 Nc4 30. Rd8+ Kg7 31. Bb3 Nxe5 32. h3 Kf6 33. Rd4 Ke7 34.
Re4 Nd3 35. Rd4 Ne1+ 36. Kf1 Nf3 37. Rb4 f5 38. Kg2 Ne1+ 39. Kf1 Nd3 40. Rb7+
Kf6 41. Rc7 Nb4 42. Rc4 Rb5 43. Rc7 a6 44. Ra7 Rc5 45. Kg2 a5 46. Rd7 a4 47.
Bxa4 Nxa2 48. Ra7 Nb4 49. Be8 Rc8 50. Rf7+ Ke5 51. Rb7 Nd3 52. Bxg6 Rc2 53. Kf3
Ne1+ 0-1

[Event "TCh-FRA Top 12 2012"]
[Site "Belfort FRA"]
[Date "2012.06.08"]
[Round "9.2"]
[White "Ragger, Markus"]
[Black "Cornette, Matthieu"]
[Result "1-0"]
[WhiteTitle "GM"]
[BlackTitle "GM"]
[WhiteElo "2670"]
[BlackElo "2552"]
[WhiteTeam "BISCHWILLER"]
[BlackTeam "L'Echiquier Deauvillais"]
[WhiteFideId "1610856"]
[BlackFideId "620084"]
[EventDate "2012.05.31"]

1. Nf3 d5 2. d4 Nf6 3. c4 e6 4. Nc3 Bb4 5. Bg5 h6 6. Bxf6 Qxf6 7. Qa4+ Nc6 8. e3
O-O 9. Be2 dxc4 10. O-O Bd7 11. Bxc4 Bd6 12. Qc2 e5 13. d5 Nb4 14. Qd2 Qg6 15.
a3 Na6 16. b4 Bh3 17. Ne1 e4 18. f3 exf3 19. Nxf3 Bg4 20. Bd3 Qh5 21. Ne4 Rad8
22. Nxd6 Rxd6 23. e4 c6 24. Qf4 Rf6 25. Qg3 cxd5 26. Ne5 Rxf1+ 27. Rxf1 f5 28.
exf5 Bxf5 29. Qf4 g5 30. Qf2 Qe8 31. Bxf5 Qxe5 32. Be6+ 1-0

[Event "TCh-FRA Top 12 2012"]
[Site "Belfort FRA"]
[Date "2012.06.08"]
[Round "9.3"]
[White "Kulaots, Kaido"]
[Black "Kosten, Anthony C."]
[Result "1/2-1/2"]
[WhiteTitle "GM"]
[BlackTitle "GM"]
[WhiteElo "2574"]
[BlackElo "2493"]
[WhiteTeam "L'Echiquier Deauvillais"]
[BlackTeam "BISCHWILLER"]
[WhiteFideId "4500261"]
[BlackFideId "400114"]
[EventDate "2012.05.31"]

1. e4 e5 2. Nf3 Nc6 3. Bb5 a6 4. Ba4 Nge7 5. Bb3 Ng6 6. d4 exd4 7. O-O Be7 8.
Nxd4 Na5 9. Nf5 O-O 10. Nc3 Nxb3 11. axb3 Re8 12. Nd5 Bf8 13. Qd4 Re6 14. Bd2 d6
15. Bc3 Ne5 16. f4 Nc6 17. Qd1 b5 18. b4 Bb7 19. Rf3 Rg6 20. Rh3 a5 21. bxa5 b4
22. Be1 Nxa5 23. Bxb4 Nc4 24. Rxa8 Bxa8 25. Qd4 Nb6 26. Nxb6 cxb6 27. Re3 Qc8
28. c3 Rxg2+ 29. Kxg2 Qxf5 30. Kg3 Qg6+ 31. Kf2 Qh6 32. f5 Qxh2+ 33. Ke1 g6 34.
fxg6 hxg6 35. Re2 Qh1+ 36. Kf2 Qh2+ 37. Kf1 Qh1+ 38. Kf2 Qh2+ 39. Kf1 Qh1+ 40.
Qg1 Qf3+ 41. Qf2 Qh1+ 42. Qg1 Qf3+ 43. Qf2 Qh1+ 1/2-1/2

[Event "TCh-FRA Top 12 2012"]
[Site "Belfort FRA"]
[Date "2012.06.08"]
[Round "9.4"]
[White "Schlosser, Philipp"]
[Black "Battaglini, Gabriel"]
[Result "1-0"]
[WhiteTitle "GM"]
[BlackTitle "IM"]
[WhiteElo "2596"]
[BlackElo "2412"]
[WhiteTeam "BISCHWILLER"]
[BlackTeam "L'Echiquier Deauvillais"]
[WhiteFideId "4600169"]
[BlackFideId "621650"]
[EventDate "2012.05.31"]

1. d4 Nf6 2. c4 e6 3. Nc3 c5 4. d5 d6 5. e4 exd5 6. cxd5 g6 7. h3 Bg7 8. Nf3 O-O
9. Bd3 b5 10. Nxb5 Nxe4 11. Bxe4 Re8 12. Ng5 Bf6 13. O-O Bxg5 14. Bxg5 f6 15.
Bxf6 Qxf6 16. Qf3 Qd8 17. Rfe1 Nd7 18. Bxg6 Rxe1+ 19. Rxe1 hxg6 20. Nxd6 Nf6 21.
Re8+ Qxe8 22. Nxe8 Nxe8 23. d6 Rb8 24. Qd5+ Kf8 25. d7 Bxd7 26. Qxd7 Rxb2 27.
Qxa7 Rc2 28. a4 c4 29. Qc5+ Kf7 30. Qd5+ Kg7 31. Qd1 1-0

[Event "TCh-FRA Top 12 2012"]
[Site "Belfort FRA"]
[Date "2012.06.08"]
[Round "9.5"]
[White "Tirard, Hugo"]
[Black "Marcelin, Cyril"]
[Result "0-1"]
[WhiteTitle "IM"]
[BlackTitle "GM"]
[WhiteElo "2478"]
[BlackElo "2477"]
[WhiteTeam "L'Echiquier Deauvillais"]
[BlackTeam "BISCHWILLER"]
[WhiteFideId "607100"]
[BlackFideId "607274"]
[EventDate "2012.05.31"]

1. e4 e5 2. Nf3 Nc6 3. Bb5 Nf6 4. d3 Bc5 5. Bxc6 dxc6 6. Bg5 Bg4 7. h3 Bb4+ 8.
Nbd2 Bxf3 9. Qxf3 Bxd2+ 10. Bxd2 Nd7 11. Qg4 Qf6 12. O-O Qg6 13. Qh4 f6 14. f4
O-O-O 15. Qf2 Kb8 16. fxe5 Nxe5 17. a4 Qe8 18. a5 Qd7 19. Be3 a6 20. Qe1 Nf7 21.
Ra3 Nd6 22. Rb3 Rhe8 23. Qb4 Re5 24. c4 Ka8 25. Bc5 Qc8 26. Re1 Re6 27. Bf2 Re5
28. Bg3 Re6 29. Qc5 Qd7 30. Bf2 Nc8 31. Qb4 Nd6 32. Qc5 Nc8 33. Qb4 Nd6 34. Bg3
Rde8 35. Kh1 Qc8 36. Qc5 Qd7 37. Bf2 Nc8 38. Qb4 Nd6 39. Bg3 Qc8 40. Ra1 Qd7 41.
Qc5 Qe7 42. Qb4 c5 43. Bxd6 cxd6 44. Qd2 g6 45. Rb6 f5 46. exf5 gxf5 47. Rf1 Re3
48. Qf2 Rf8 49. b4 cxb4 50. Rxb4 f4 51. Rfb1 f3 52. Rxb7 fxg2+ 0-1

[Event "TCh-FRA Top 12 2012"]
[Site "Belfort FRA"]
[Date "2012.06.08"]
[Round "9.6"]
[White "Netzer, Jean"]
[Black "Beikert, Guenther"]
[Result "1-0"]
[WhiteTitle "IM"]
[BlackTitle "IM"]
[WhiteElo "2396"]
[BlackElo "2436"]
[WhiteTeam "BISCHWILLER"]
[BlackTeam "L'Echiquier Deauvillais"]
[WhiteFideId "623350"]
[BlackFideId "4614186"]
[EventDate "2012.05.31"]

1. e4 e5 2. Nf3 Nc6 3. Bb5 a6 4. Bxc6 dxc6 5. O-O Bg4 6. h3 h5 7. d3 Qf6 8. Nbd2
Ne7 9. Nc4 Bxf3 10. Qxf3 Qxf3 11. gxf3 Ng6 12. Be3 Be7 13. Rfd1 O-O-O 14. a3 Bf6
15. Kf1 Nf8 16. f4 exf4 17. Bxf4 g5 18. Be3 Ne6 19. c3 Rhf8 20. Ke2 Be7 21. Ne5
Bd6 22. Nf3 f6 23. Rg1 Rde8 24. Nd4 Rg8 25. Nxe6 Rxe6 26. f3 Ree8 27. Rg2 Rg6
28. Rag1 Reg8 29. h4 g4 30. fxg4 Rxg4 31. Rxg4 hxg4 32. h5 Kd7 33. h6 Ke6 34. h7
Rh8 35. Rh1 Kf7 36. Rh4 Kg6 37. Rxg4+ Kxh7 38. Kf3 Rf8 39. d4 f5 40. Rh4+ Kg6
41. e5 Be7 42. Rh6+ Kg7 43. Rh2 Kg6 44. Rg2+ Kf7 45. Kf4 Ke6 46. Rg6+ Kd7 47. c4
b5 48. d5 bxc4 49. Rxc6 Rb8 50. Rxc4 Rxb2 51. Kxf5 Re2 52. Bf4 Rf2 53. a4 Rf1
54. Kg6 Rd1 55. Kf7 Rf1 56. e6+ Kd8 57. Kg6 Rg1+ 58. Kf5 Rf1 59. Ke4 Re1+ 60.
Kf3 Rd1 61. Bxc7+ Ke8 62. Rc6 Rxd5 63. Rxa6 Bc5 64. Ke4 Rh5 65. Be5 Ke7 66. Ra5
Rh4+ 67. Kd5 Bf2 68. Bd6+ Kf6 69. e7 1-0

[Event "TCh-FRA Top 12 2012"]
[Site "Belfort FRA"]
[Date "2012.06.08"]
[Round "9.7"]
[White "Godard, Maxence"]
[Black "Bellahcene, Bilel"]
[Result "0-1"]
[WhiteTitle "IM"]
[BlackTitle "FM"]
[WhiteElo "2363"]
[BlackElo "2347"]
[WhiteTeam "L'Echiquier Deauvillais"]
[BlackTeam "BISCHWILLER"]
[WhiteFideId "603694"]
[BlackFideId "696358"]
[EventDate "2012.05.31"]

1. d4 Nf6 2. c4 c5 3. e3 g6 4. d5 Bg7 5. Nc3 O-O 6. Nf3 d6 7. Be2 e6 8. O-O exd5
9. cxd5 a6 10. a4 Nbd7 11. Nd2 Re8 12. a5 b5 13. axb6 Nxb6 14. Nb3 Ne4 15. Nxe4
Rxe4 16. Na5 Bd7 17. Ra3 Re5 18. Bf3 Bb5 19. Re1 Nc4 20. Nxc4 Bxc4 21. b3 Bb5
22. Bb2 Re7 23. Bxg7 Kxg7 24. g3 f5 25. Qd2 Qf8 26. Rea1 Rb8 27. Be2 Qf6 28. Bc4
g5 29. Qd3 f4 30. exf4 gxf4 31. Bxb5 axb5 32. Ra7 Rbb7 33. R7a6 Rf7 34. Rf1 Qe5
35. Raa1 Rf5 36. Rad1 Qf6 37. Rde1 Re5 38. Re4 Rxe4 39. Qxe4 Re7 40. Qd3 b4 41.
Qa6 h5 42. Qc8 Kh6 43. Qd8 h4 44. g4 h3 45. Kh1 Kg7 46. f3 Qe5 47. Kg1 Kf7 48.
Qc8 Qd4+ 49. Kh1 Qxd5 50. Qh8 Qxf3+ 0-1

[Event "TCh-FRA Top 12 2012"]
[Site "Belfort FRA"]
[Date "2012.06.08"]
[Round "9.8"]
[White "Maisuradze, Nino"]
[Black "Fruteau, Sabine"]
[Result "1-0"]
[WhiteTitle "WGM"]
[BlackTitle "WFM"]
[WhiteElo "2302"]
[BlackElo "2127"]
[WhiteTeam "BISCHWILLER"]
[BlackTeam "L'Echiquier Deauvillais"]
[WhiteFideId "13601717"]
[BlackFideId "601942"]
[EventDate "2012.05.31"]

1. d4 Nf6 2. c4 e6 3. Nc3 Bb4 4. Qc2 d5 5. cxd5 exd5 6. a3 Be7 7. Bg5 c6 8. e3
Nbd7 9. Bd3 O-O 10. Nge2 Re8 11. O-O h6 12. Bf4 Nf8 13. h3 Bd6 14. b4 Ne6 15.
Be5 Qe7 16. Ng3 Nf8 17. f4 Bd7 18. Bf5 Red8 19. Bxd7 Bxe5 20. fxe5 N6xd7 21. Nf5
Qg5 22. Rf4 Ne6 23. h4 1-0

[Event "TCh-FRA Top 12 2012"]
[Site "Belfort FRA"]
[Date "2012.06.08"]
[Round "9.4"]
[White "Van Wely, Loek"]
[Black "Tkachiev, Vladislav"]
[Result "1/2-1/2"]
[WhiteTitle "GM"]
[BlackTitle "GM"]
[WhiteElo "2682"]
[BlackElo "2641"]
[WhiteTeam "CLICHY Echecs 92"]
[BlackTeam "EVRY Grand Roque"]
[WhiteFideId "1000268"]
[BlackFideId "618438"]
[EventDate "2012.05.31"]

1. d4 d5 2. c4 c6 3. Nc3 Nf6 4. e3 g6 5. Nf3 Bg7 6. Bd3 O-O 7. O-O Bg4 8. h3
Bxf3 9. Qxf3 Qd6 10. b3 Nbd7 11. Bb2 e6 12. Rfd1 Rfe8 13. Rac1 Rad8 14. Bf1 a6
15. Qe2 Qb8 16. g3 Nb6 17. c5 Nbd7 18. f4 Ne4 19. Nxe4 dxe4 20. g4 h6 21. Qg2
Nf6 22. Bc4 Nd5 23. Bxd5 exd5 24. Rf1 f5 25. gxf5 gxf5 1/2-1/2

[Event "TCh-FRA Top 12 2012"]
[Site "Belfort FRA"]
[Date "2012.06.08"]
[Round "9.5"]
[White "Milliet, Sophie"]
[Black "Hamdouchi, Hicham"]
[Result "0-1"]
[WhiteTitle "IM"]
[BlackTitle "GM"]
[WhiteElo "2387"]
[BlackElo "2627"]
[WhiteTeam "EVRY Grand Roque"]
[BlackTeam "CLICHY Echecs 92"]
[WhiteFideId "623725"]
[BlackFideId "9000011"]
[EventDate "2012.05.31"]

1. e4 c5 2. Nf3 Nc6 3. Bb5 Nf6 4. Nc3 g6 5. h3 Bg7 6. e5 Ng8 7. Bxc6 dxc6 8. d3
Nh6 9. g4 O-O 10. Bf4 f6 11. Qd2 Nf7 12. O-O-O fxe5 13. Bg3 Be6 14. Rhe1 Qa5 15.
a3 c4 16. dxc4 Qc5 17. Kb1 Rad8 18. Qe3 Rxd1+ 19. Rxd1 Qxe3 20. fxe3 Nd6 21.
Nxe5 Nxc4 22. Nxc4 Bxc4 23. Bf4 e5 24. Bg5 h6 25. Be7 Rf3 26. b3 Be6 27. Ne4
Rxe3 28. Nc5 Kf7 29. Nxe6 Kxe6 30. Bc5 Rxh3 31. Rd6+ Kf7 32. Rd7+ Kg8 33. Rxb7
e4 34. c4 Bf6 35. Kc2 h5 36. gxh5 gxh5 37. Bxa7 h4 38. a4 Rh2+ 39. Kd1 h3 40.
Bb8 Rb2 41. Bd6 e3 42. Rb8+ Kh7 43. Kc1 h2 44. Bxh2 Rxh2 45. Re8 Bc3 0-1

[Event "TCh-FRA Top 12 2012"]
[Site "Belfort FRA"]
[Date "2012.06.08"]
[Round "9.6"]
[White "So, Wesley"]
[Black "Moussard, Jules"]
[Result "1-0"]
[WhiteTitle "GM"]
[BlackTitle "IM"]
[WhiteElo "2653"]
[BlackElo "2402"]
[WhiteTeam "CLICHY Echecs 92"]
[BlackTeam "EVRY Grand Roque"]
[WhiteFideId "5202213"]
[BlackFideId "642908"]
[EventDate "2012.05.31"]

1. e4 c5 2. Nf3 d6 3. d4 cxd4 4. Nxd4 Nf6 5. Nc3 a6 6. Be3 e6 7. Qd2 b5 8. f3
Bb7 9. g4 h6 10. O-O-O Nbd7 11. h4 b4 12. Na4 Qa5 13. b3 Nc5 14. a3 Nxa4 15.
axb4 Qc7 16. bxa4 d5 17. e5 Nd7 18. f4 Nb6 19. Rh3 Nc4 20. Qc3 Rc8 21. f5 Qd7
22. Qb3 Be7 23. Bf4 a5 24. b5 Bb4 25. g5 Qe7 26. gxh6 gxh6 27. fxe6 fxe6 28. Rg3
Ba3+ 29. Kb1 Bc5 30. Bc1 Rc7 31. Be2 Nxe5 32. Bf4 Bd6 33. Re3 Nc4 34. Bxd6 1-0

[Event "TCh-FRA Top 12 2012"]
[Site "Belfort FRA"]
[Date "2012.06.08"]
[Round "9.7"]
[White "Relange, Eloi"]
[Black "Vachier-Lagrave, Maxime"]
[Result "0-1"]
[WhiteTitle "GM"]
[BlackTitle "GM"]
[WhiteElo "2472"]
[BlackElo "2680"]
[WhiteTeam "EVRY Grand Roque"]
[BlackTeam "CLICHY Echecs 92"]
[WhiteFideId "600822"]
[BlackFideId "623539"]
[EventDate "2012.05.31"]

1. Nf3 Nf6 2. c4 b6 3. Nc3 Bb7 4. d4 e6 5. a3 d5 6. cxd5 Nxd5 7. Qc2 Be7 8. e4
Nxc3 9. bxc3 O-O 10. Bd3 c5 11. O-O Qc7 12. Qe2 Nd7 13. h4 Rfd8 14. Bg5 Nf8 15.
Qe3 Rac8 16. h5 Bxg5 17. Qxg5 h6 18. Qg4 Qe7 19. Rfd1 cxd4 20. cxd4 Rc3 21. a4
Ra3 22. Qf4 Rc8 23. Ne5 Rc7 24. Rxa3 Qxa3 25. Bb5 Qd6 26. Qe3 Nh7 27. Nc4 Qd8
28. d5 a6 29. Qxb6 axb5 30. Na5 exd5 31. Nxb7 Qb8 32. Qxb5 Rxb7 33. Qxd5 Nf6 34.
Qf5 Re7 35. Rc1 Re8 36. f3 Qa7+ 0-1

[Event "TCh-FRA Top 12 2012"]
[Site "Belfort FRA"]
[Date "2012.06.08"]
[Round "9.2"]
[White "Apicella, Manuel"]
[Black "Krasenkow, Michal"]
[Result "0-1"]
[WhiteTitle "GM"]
[BlackTitle "GM"]
[WhiteElo "2548"]
[BlackElo "2604"]
[WhiteTeam "GRASSE Echecs"]
[BlackTeam "Echiquier Chalonnais"]
[WhiteFideId "600164"]
[BlackFideId "1113100"]
[EventDate "2012.05.31"]

1. c4 e5 2. Nc3 d6 3. g3 g6 4. Bg2 Bg7 5. d3 Nf6 6. Nf3 O-O 7. O-O c6 8. e4 a6
9. h3 Nbd7 10. Bg5 h6 11. Be3 b5 12. Qd2 Kh7 13. b4 Bb7 14. a4 a5 15. axb5 axb4
16. Ne2 c5 17. g4 Ne8 18. Ng3 Nc7 19. h4 Ne6 20. h5 Rxa1 21. Rxa1 Nf4 22. Rd1
Qf6 23. Bf1 Ra8 24. Ne1 Qg5 25. f3 Qh4 26. Bf2 Qg5 27. Be3 Nf8 28. Ng2 N8e6 29.
Rb1 Nd4 30. Qd1 Ra2 31. hxg6+ fxg6 32. Bxd4 exd4 33. Ra1 Rd2 34. Qe1 Nxg2 35.
Bxg2 Qe3+ 36. Qxe3 dxe3 37. Re1 b3 38. Bf1 b2 39. Rb1 Be5 40. Ne2 g5 41. Kg2
Rxd3 42. Ng1 Rd2+ 43. Be2 Rc2 44. Kh3 Kg7 45. Kg2 Kf6 0-1